Statistics for FIFA World Cup Most Assists

Click here to take the quiz!

General Stats

  • This quiz has been taken 31 times
  • The average score is 11 of 25

Answer Stats

CountryAssistsPlayer% Correct
Argentina8Lionel Messi
100%
West Germany5Gerd Muller
96%
Germany6Thomas Muller
96%
Argentina8Diego Maradona
93%
Brazil6Pele
79%
Colombia4James Rodriguez
71%
Belgium4Eden Hazard
64%
Romania4Gheorghe Hagi
64%
England6David Beckham
54%
Germany6Bastian Schweinsteiger
50%
Germany4Mesut Ozil
50%
France5Antoine Griezmann
43%
Germany5Michael Ballack
36%
Brazil5Zico
32%
Italy6Francesco Totti
29%
Poland7Grzegorz Lato
21%
Colombia4Carlos Valderrama
18%
Croatia5Ivan Perisic
18%
Argentina5Juan Veron
14%
Mexico4Cuauhtemoc Blanco
7%
West Germany7Pierre Littbarski
7%
Netherlands4Daley Blind
4%
Colombia5Juan Cuadrado
4%
Poland5Robert Gadocha
4%
(West) Germany6Thomas Hassler
4%

Score Distribution

Percentile by Number Answered

Percent of People with Each Score

Your Score History

You have not taken this quiz